Liste des Pokémon mustélidés - Statistiques

Statistiques générales
  • Ce quiz a été pris 18 fois
  • Le résultat moyen est 16 sur 23
Statistiques - réponses
N° Pokédex Pokémon % Correct
#0419 Mustéflott
100%
#0418 Mustébouée
94%
#0162 Fouinar
75%
#0161 Fouinette
75%
#0155 Héricendre
75%
#0862 Ixon
75%
#0264 Linéon
75%
#0264 Linéon de Galar
75%
#0157 Typhlosion
75%
#0157 Typhlosion de Hisui
75%
#0263 Zigzaton
75%
#0263 Zigzaton de Galar
75%
#0503 Clamiral
69%
#0503 Clamiral de Hisui
69%
#0156 Feurisson
69%
#0501 Moustillon
69%
#0502 Mateloutre
63%
#0461 Dimoret
56%
#0215 Farfuret
56%
#0215 Farfuret de Hisui
56%
#0903 Farfurex
50%
#0619 Kungfouine
50%
#0620 Shaofouine
50%
Aucun quiz correspondant
Distribution des résultats
% des personnes avec chaque résultat
Percentile par nombre de réponses
Votre historique - résultats
Vous n’avez pas pris ce quiz